Alphabetical Foursomes II Quiz Stats

 Plays Quiz Updated May 17, 2015

Challenge
Share
Tweet
Embed
Score 0/52 Timer 06:00
0 Plays Today
% Correct
Ringo
95.9%
Paul
95.3%
John
95.2%
George
92.9%
Washington
92%
Roosevelt
91.4%
Lincoln
90.7%
Subtraction
89.7%
Multiplication
89.5%
Texas
89.5%
New Mexico
89%
Addition
89%
Division
88.6%
Jefferson
88.3%
California
88.1%
Water
87.9%
England
87.8%
Wales
87.4%
Scotland
87.4%
NHL
87.2%
Northern Ireland
86.7%
Fire
86.5%
NBA
86.1%
Arizona
86%
NFL
85.3%
Uranus
85.1%
% Correct
Saturn
83.4%
Neptune
82.9%
Air
82.5%
Earth
82%
MLB
81.6%
Two
81.2%
Jupiter
81.1%
Five
80.8%
Three
80.6%
Seven
75.4%
Famine
74.3%
Taiwan
73.9%
Hong Kong
73.6%
South Korea
73.4%
War
73.3%
Singapore
73.1%
Pestilence
71.8%
Vitellius
71.4%
Death
70.9%
Cups
69.9%
Wands
69.6%
Swords
68.3%
Galba
67.8%
Vespasian
67.4%
Otho
63.2%
Pentacles
62.6%

You're not logged in!

Compare scores with friends on all Sporcle quizzes.
OR
Log In

You Might Also Like...

Show Comments

Extras

Top Quizzes Today


Score Distribution

Your Account Isn't Verified!

In order to create a playlist on Sporcle, you need to verify the email address you used during registration. Go to your Sporcle Settings to finish the process.

Report this User

Report this user for behavior that violates our Community Guidelines.

Details: